000 00579nam a22001577a 4500
003 NUST
038 _aNusrat Nadeem
082 _a200
100 _aGardezi, Syeda Hania Zainab
_9134427
245 _aDo Women Who Accept Intimate Partner Violence (IPV) Also Endorse Harsh Discipline of Children? Evidence From Punjab, Pakistan/
_cSyeda Hania Zainab Gardezi,
264 _aIslamabad:
_bS3H NUST,
_c2026.
650 _aMS-Economics
_9123068
700 _aSupervisor: Dr. Muhammad Ali
_9124901
856 _uhttp://10.250.8.41:8080/xmlui/handle/123456789/57672
942 _2ddc
_cSC
999 _c617426
_d617426